| 000 | 00711cab a2200265 4500 | ||
|---|---|---|---|
| 001 | ABS47773 | ||
| 008 | 090401t1993 xxu||||| |||| 00| 0 eng d | ||
| 035 | _a(Sirsi) u63376 | ||
| 041 | _aeng | ||
| 245 | _aEuroconstruct: cloud over Europe | ||
| 260 | _c1993 | ||
| 350 | _a0 | ||
| 490 |
_aBuilding Market Report _vJanuary 1993, 4-5 (2) |
||
| 520 | _aRelays the mood and construction output forecasts from the Euroconstruct conference. | ||
| 650 | _aCONSTRUCTION MARKET | ||
| 650 | _aEUROCONSTRUCT | ||
| 650 | _aEUROPE | ||
| 650 | _aFORECASTS | ||
| 650 | _aHOUSE BUILDING | ||
| 650 | _aOUTPUT | ||
| 690 | _aBUILT ENVIRONMENT | ||
| 690 | _aOVERSEAS-EUROPE | ||
| 942 | _n0 | ||
| 948 | _c04/03/1997 | ||
| 999 |
_c39397 _d39397 |
||